Cestovať sa dnes dá aj lacnejšie
Mnoho ľudí vníma zahraničné dovolenky ako príležitosť na oddych a nové zážitky, no zároveň ide o obdobie, keď môžu výdavky rýchlo narásť. Cestovanie, ubytovanie, stravovanie či zmenáreň, dokážu výrazne ovplyvniť finančný rozpočet. Dobrou správou však je, že vďaka dôkladnému plánovaniu a rozumnému ho...
Saved in:
| Main Author: | |
|---|---|
| Format: | Book Chapter |
| Language: | Slovak |
| Subjects: | |
| Tags: |
No Tags, Be the first to tag this record!
|
MARC
| LEADER | 00000naa a2200000 4500 | ||
|---|---|---|---|
| 001 | 0311633 | ||
| 005 | 20250721095033.6 | ||
| 041 | 0 | |a slo | |
| 044 | |a SK | ||
| 245 | 1 | 0 | |a Cestovať sa dnes dá aj lacnejšie |c Gabriela Alenová |
| 520 | |a Mnoho ľudí vníma zahraničné dovolenky ako príležitosť na oddych a nové zážitky, no zároveň ide o obdobie, keď môžu výdavky rýchlo narásť. Cestovanie, ubytovanie, stravovanie či zmenáreň, dokážu výrazne ovplyvniť finančný rozpočet. Dobrou správou však je, že vďaka dôkladnému plánovaniu a rozumnému hospodáreniu s peniazmi je možné týmto skrytým nákladom predísť. Odborníci prinášajú tipy, ako cestovať výhodnejšie, bez vzdania sa zábavy. | ||
| 610 | 2 | 0 | |a ruch cestovný |
| 610 | 2 | 0 | |a dovolenka |
| 610 | 2 | 0 | |a riadenie finančné |
| 610 | 2 | 0 | |a náklady a ceny |
| 610 | 2 | 0 | |a rozpočet nákladov |
| 610 | 2 | 0 | |a hospodárenie finančné |
| 100 | 1 | |a Alenová, Gabriela | |